000 00221nam a22000857a 4500
008 160822b xxu||||| |||| 00| 0 eng d
100 _9201
_aBharat
245 _aChandra Shekhar Azad
260 _aNew Delhi
_bR.P.B publishers
_c2006
999 _c2858
_d2858